| 000 | 00628nam a22001937a 4500 | ||
|---|---|---|---|
| 999 |
_c166738 _d166738 |
||
| 005 | 20190807112850.0 | ||
| 010 | _aUR-10349 | ||
| 020 |
_c300.00 _a9789352883288 |
||
| 035 | _aU-8904 | ||
| 037 | _bDBAD/PUB | ||
| 082 | _a841 | ||
| 100 | _aمحمو د ر يا ض | ||
| 245 |
_aر شحا ت قلم _cمحمو د ر يا ض |
||
| 246 |
_bRashhat-e-Qalam (Urdu) _aby Mehmood Reyaz |
||
| 260 |
_aN.Delhi _bMehmood Reyaz _c2018 ء |
||
| 270 |
_a65/Y/1,Ram Krishna Road ,P.O.Rishra P.S.Serampore Dist.Hooghly, _bHooghly _e- _k9339802797 _l- |
||
| 300 |
_a160 ص _c22 Cm(Hb) |
||
| 942 |
_2ddc _cUR _h841 _mم ح م |
||